000 00985nam a2200265Ia 4500
003 OSt
005 20221005111419.0
006 a|||||r|||| 00| 0
007 ta
008 221004b |||||||| |||| 00| 0 hin d
020 _a9789352290406 (hbk)
_cIndian Rupees 295
024 _a27891
037 _bGift, 05/10/2016,
_cTextual
040 _aCRL
_cCRL
_bhin
041 _2hin
_ahin
082 _aO152,3:g(Y49(Q)), Q5
100 _aमिश्र, शिवकुमार
245 0 _aसाम्प्रदायिकता और हिन्दी उपन्यास
246 _aSāmpradāyikatā aur hindī upanyāsa
260 _aनई दिल्ली
_bवाणी प्रकाशन भारत
_c2015
300 _a120पृ0
_ccm.
650 _aहिन्दी साहित्य
942 _hO152,3:g(Y49(Q)), Q5
_cTEXL
_2cc
999 _c1021781
_d1021781